El aceite de oliva (Record no. 145374)

MARC details
000 -LEADER
campo de control de longitud fija 00652nam a2200181 4500
001 - NÚMERO DE CONTROL
campo de control 145374
003 - IDENTIFICADOR DE NÚMERO DE CONTROL
campo de control ES-MaACL
005 - FECHA Y HORA DE LA ÚLTIMA TRANSACCIÓN
campo de control 20230906201223.0
007 - CAMPO FIJO DE DESCRIPCIÓN FÍSICA--INFORMACIÓN GENERAL
campo de control de longitud fija t|
008 - DATOS DE LONGITUD FIJA--INFORMACIÓN GENERAL
campo de control de longitud fija 070214s1944 sp r ||||1| spa d
100 1# - ENTRADA PRINCIPAL--NOMBRE DE PERSONA
Nombre de persona Soroa y Pineda, José María de.
9 (RLIN) 107414
245 13 - MENCIÓN DEL TÍTULO
Título El aceite de oliva
Resto del título : extracción, elaboración y aprovechamiento de los residuos de la elayotecnia /
Mención de responsabilidad, etc. Jose María Soroa y Pineda.
250 ## - MENCION DE EDICION
Mención de edición 3ª ed. corr. y considerablemente aum.
260 ## - PUBLICACIÓN, DISTRIBUCIÓN, ETC.
Lugar de publicación, distribución, etc. Madrid :
Nombre del editor, distribuidor, etc. Dossat,
Fecha de publicación, distribución, etc. 1944 (
Fabricante Tip. Artística)
300 ## - DESCRIPCIÓN FÍSICA
Extensión X, 376 p. :
Otras características físicas il. ;
Dimensiones 22 cm.
650 ## - PUNTO DE ACCESO ADICIONAL DE MATERIA--TÉRMINO DE MATERIA
Término de materia o nombre geográfico como elemento de entrada Aceite de oliva-
Subdivisión general Elaboración.
9 (RLIN) 171210
852 ## - LOCALIZACIÓN
Ubicación ES-MaACL
Número de control de estantería F-16208
Holdings
Estatus retirado Estado de pérdida Estado de daño No para préstamo Biblioteca de origen Biblioteca actual Ubicación en estantería Fecha de adquisición Fuente de adquisición Total de préstamos Signatura topográfica completa Código de barras Visto por última vez Precio de reemplazo Tipo de ítem Koha
        Biblioteca del Ateneo de Madrid Biblioteca del Ateneo de Madrid Sala Pecera Planta 2 17/01/2008     F-16208 1151747 23/02/2023 23/02/2023 Libro impreso